000 00803cam a22002533a 4500
001 18133
003 PGUSA
005 20140828083403.0
008 060409s2006||||xxu|||||s|||||000 | eng d
040 _aPGUSA
_beng
042 _adc
050 4 _aDC
100 1 _aReuss, Rodolphe,
_d1841-1924
245 1 0 _aLa cathédrale de Strasbourg pendant la Révolution. (1789-1802)
_h[electronic resource] /
_cRodolphe Reuss
260 _bProject Gutenberg,
_c2006
506 _aPublic domain in the USA.
516 _aElectronic text
653 _aAlsace (France) -- Church history
653 _aFrance -- History -- Revolution, 1789-1799 -- Religious aspects
653 _aStrassburger Münster
830 0 _aProject Gutenberg
_v18133
856 4 0 _uhttp://www.gutenberg.org/ebooks/18133
942 _cEB
999 _c247388
_d247388